000 00312nam a2200133Ia 4500
999 _c37672
_d37672
003 OSt
005 20191021100016.0
008 190216s9999||||xx |||||||||||||| ||und||
040 _cddc
100 _aPichamuthu C S
245 0 _aIndiayude Boudika Boomishashthram
260 _bKerala Basha Inst
942 _cBK
_2ddc